000 01171cam a2200313 4500
001 ABS67287
008 031117n2003 000 0 eng u
035 _a(Sirsi) u124354
100 _aLewsley, C.
245 _aNon domestic rating provisions in the Local Government Act 2003
260 _c2003
490 _aRating and Valuation Reporter
_vNovember 2003, 290-293(4)
520 _aExplains the background to changes in non-domestic rates set out in the Local Government Act 2003 Part V ss60-72 which are not yet in force. Discusses each section separately and seeks to explain the historic context of each change, the reason for that change and its effect.
590 _aABS
650 _aLOCAL GOVERNMENT ACT 2003 PART V
650 _aNON DOMESTIC RATES
650 _aBUSINESS RATES
650 _aSMALL BUSINESSES
650 _aNON DOMESTIC RATING MULTIPLIER
650 _aRURAL SETTLEMENTS
650 _aTRANSITIONAL RELIEF
650 _aAGRICULTURAL EXEMPTION
650 _aPLACES OF WORSHIP
650 _aHARDSHIP RELIEF
650 _aRATEABLE VALUE
650 _aRATING REVALUATION
690 _aRATING AND LOCAL TAXATION
942 _n0
999 _c73796
_d73796